| 000 | 00347cam a22001097a 4500 | ||
|---|---|---|---|
| 008 | 180718b1976 xxu||||| |||| 00| 0 eng d | ||
| 082 | _aA75 Ut8R | ||
| 245 |
_aUttar Pradesh district gazetteers: Rae Bareli _cedited by Amar Singh Baghel |
||
| 260 |
_aLucknow _bDepartment of District Gazetteers _c1976 |
||
| 300 | _a330p. | ||
| 700 | _aBaghel, Amar Singh | ||
| 999 |
_c487039 _d487039 |
||